000 00490nam a22001817a 4500
003 NUST - PNEC
005 20170116180810.0
008 150428b xxu||||| |||| 00| 0 eng d
020 _a-
040 _cLIBRARY
082 _a393.29 QAS
100 _93287
_aQasmi, Ataaur Rehman
245 _a Dehli me dafan khazeeny
_cAtaaur Rehman Qasmi
260 _aLahore:
_bTayyab Publishers,
_cc2002.
300 _a424 p. :
_c22 cm.
650 _93289
_aHistory of Dehli
_xGeneral
942 _2ddc
_cBK
999 _c63345
_d63345